01182cam a22002652i 4500001001300000003000700013005001700020008004100037020003900078040001800117042000900135084002200144090001400166245008700180250001700267260004800284300001800332650001800350650001800368650001800386651001800404942001400422999001500436952046500451CIP114006766YEEZEN20260313104727.0250518s2025 ch e 000 0 chi d a9789869854771q(精裝) :cNT$3000 aCIPbchicCIP anbic a416.909332ncsclt a416.9093310a臺灣口腔醫學史b= The history of oral medicine in Taiwan /c陳銘助編撰 a修訂一版 a臺北市 :b牙醫師全聯會, c2025.05. a面 ;c公分 72lcstta口腔 72lcstta牙科 72lcstta歷史 72lcstta臺灣 2cclcBOOK c7702d7702 00102ccl4070ayeezenbyeezencYEEZENd2026-03-13l0o416.90933pC03285r2026-03-13 00:00:00w2026-03-13yBOOKz2025年5月由中華民國牙醫師公會全國聯合會出版的《臺灣口腔醫學史》(陳銘助、莊世昌著)是記錄台灣牙醫學發展的珍貴史料。該書涵蓋了從早期到現代的牙醫人文歷史,被視為尋根與傳承的專業著作,並曾有2024增修版在2025年初發行,且有相關內容勘誤建議。